THE PROPERTIES OF PMMA COATINGS DEPENDING ON PVC AND PIGMENT PARTICLE SHAPE

Podrobná bibliografia
Hlavní autori: Otáhal, Roman (Autor), Slivková, Pavlína (Autor), Veselý, David (Autor), Černošková, Eva (Autor)
Médium: Článok
Jazyk:slovenčina

MARC

LEADER 00000nab a2200000 a 4500
001 vtls011116668
003 SK-MaSNL
005 20260303142932.0
008 230222|2007 xo |||||||||||||||||slo|
015 |a SNBRB 
035 |a (uuid)81064046-8135-4e9d-be3b-138839dfd207 
035 |a (urnnbn)urn:nbn:sk:snk:ar-a08kz7 
035 |a urn:nbn:sk:snk-ab9n61 
040 |a SNKBUCL  |b slo  |c SNKBUCL  |e AACR2 
041 0 |a slo 
044 |a xo  |c SK 
100 1 |a Otáhal, Roman  |4 aut  |9 1163297 
245 1 0 |a THE PROPERTIES OF PMMA COATINGS DEPENDING ON PVC AND PIGMENT PARTICLE SHAPE  |c Roman Otáhal, Pavlína Slivková, David Veselý, Eva Černošková 
700 1 |a Slivková, Pavlína  |4 aut  |9 1163298 
700 1 |a Veselý, David  |4 aut  |9 1163292 
700 1 |a Černošková, Eva  |4 aut  |9 804982 
773 0 |t Acta Mechanica Slovaca  |g Roč. 11, č. 4-C (2007), s. 201-206 
954 |a odborná, vedecká literatúra pôvodná (slovenská)  |2 lita 
958 |a OND 
958 |a EUIPO 
958 |a article13 
999 |c 1986928  |d 1988858